000 00895nam a22002777a 4500
001 BR7702732
003 BR-BrBNA
005 20230928085259.0
007 ta
008 230509b bl.||||| |||| 00| 0 por d
040 _aBR-BrBNA
_bpor
_cBiblioteca Nacional de Agricultura
041 _a(Por)
072 _aE30; N10
_b/G514
090 _ E30 BR7702732
110 1 _aSubsecretaria de Planejamento e Orcamento, Brasilia, DF (Brasil)
245 1 _aPesquisa socio-economica das cooperativas de produtores e de producao agricola brasileiras. Documento 8 - Anexo:Cooperativas de eletrificacao rural
260 3 _aBrasilia, DF (Brasil):
_c[ND].
300 _a31 p.
500 _aPublished after 1977
650 _aDesenvolvimento agricola
650 _aEngenharia rural
650 _aEletrificacao rural
650 _aCooperativa
909 _a202309
_bLucia
_c55
_dLucia Elande
942 _cBK
999 _c23647
_d23647